[Event "Magnus Carlsen vs Challengers"]
[Site "Chess24"]
[Date "2021.04.18"]
[Round "1.1"]
[White "Zhu, Jiner"]
[Black "Carlsen, Magnus"]
[Result "0-1"]
[WhiteElo "2459"]
[BlackElo "2847"]
[Annotator "TA"]
[PlyCount "52"]
[EventDate "2021.04.19"]
[EventCountry "NET"]
[SourceTitle "playchess.com"]
[Source "ChessBase"]
[SourceQuality "1"]

{[%evp 22,52,-13,-16,-9,-63,-35,-72,-77,-83,-77,-70,-62,-72,-71,-72,-68,-86,-77,-84,-99,-221,-212,-233,-245,-284,-278,-274,-268,-251,-161,-966,-964]} 1. e4 c5 2. Nf3 d6 3. d4 cxd4 4. Nxd4 Nf6 5. Nc3 a6 6. Be3 e6 7. Be2 Be7 8. O-O O-O 9. f4 Qc7 10. Kh1 b5 11. a3 Bb7 12. Bf3 Nbd7 {B85: Sicilian Scheveningen: 6 Be2 a6, lines with early Be3.} 13. Re1 (13. Qe1 $11) 13... Rac8 {[#]} 14. Qd2 $146 ({Predecessor:} 14. Bf2 Rfe8 15. Bg3 e5 16. fxe5 dxe5 17. Nd5 Nxd5 18. exd5 Bd6 19. Nf5 g6 20. Nh6+ {1-0 (37) Massoni,M (2373)-Burg,T (2479) La Massana 2013}) 14... Nb6 {Black is better.} 15. Qf2 Nc4 16. Bc1 Rfd8 17. Nd1 d5 {[%cal Rd5e4]} 18. e5 Ne4 19. Bxe4 dxe4 20. c3 Bc5 $36 {[%mdl 2048] Keeping White busy.} 21. b3 {[#]} (21. Be3 $17 {is a better defense.}) 21... Na5 $1 $19 {[%cal Ra5b3]} 22. Be3 Bxd4 23. Bxd4 Nxb3 24. Bb6 {[#]} e3 $1 {[%mdl 512]} 25. Qxe3 Qc6 {[%csl Gb7][%cal Rc6g2]} 26. Qf2 (26. Ra2 Rd7 27. Rc2) 26... Rd2 {Black took control after the opening.  Weighted Error Value: White=0.58/Black=0.11} 0-1

[Event "Magnus Carlsen vs Challengers"]
[Site "Chess24"]
[Date "2021.04.18"]
[Round "1.2"]
[White "Praggnanandhaa R"]
[Black "Carlsen, Magnus"]
[Result "0-1"]
[WhiteElo "2608"]
[BlackElo "2847"]
[Annotator "TA"]
[PlyCount "102"]
[EventDate "2021.04.19"]
[EventCountry "NET"]
[SourceTitle "playchess.com"]
[Source "ChessBase"]
[SourceQuality "1"]

{[%evp 9,102,0,0,11,14,-12,11,-5,-18,-7,3,1,56,52,54,-20,0,0,13,22,35,35,127,117,110,81,94,80,93,0,0,0,0,-22,0,0,0,-19,28,-53,52,0,0,-134,-142,-131,-139,-139,-146,-129,-142,-185,-150,-144,138,149,148,62,59,5,8,-13,-2,-16,0,-243,132,0,119,120,109,61,230,229,316,310,285,236,230,153,294,192,29979,29980,29968,1794,1752,1688,29988,11,29989,29988,29989,29983,29990]} 1. d4 Nf6 2. Bf4 e6 3. e3 b6 4. Qf3 Nc6 5. Nc3 Bb7 6. O-O-O {A45: Trompowsky Attack.} a6 7. e4 {[#]} b5 $146 ({Predecessor:} 7... d5 8. a3 Qd7 9. exd5 exd5 10. g4 Nd8 11. Bd3 Ne6 12. Nge2 O-O-O 13. Be5 Ne8 {½-½ (41) Le Goff,R (2303)-Vezzani,S (2149) Trieste 2019}) 8. d5 {The position is equal.} Ne7 9. a3 Ng6 10. Bg3 b4 (10... e5 $11) 11. axb4 $14 Bxb4 12. Bc4 (12. h4 $14) 12... O-O 13. Nge2 Qe7 14. h4 {h5 is the strong threat.} (14. Bxc7 $2 d6 $19) 14... h5 15. e5 (15. Bxc7 $2 d6 $19) 15... Ng4 {[#]} (15... Nxd5 $14 16. Nxd5 exd5) 16. d6 $1 $16 {[%mdl 512]} cxd6 17. Qxb7 d5 18. Nxd5 ({And not} 18. Bxa6 Bxc3 19. bxc3 (19. Nxc3 $2 Rfb8 $19) 19... Qa3+ 20. Kd2 Rxa6 $17) 18... exd5 19. Qxd5 (19. Rxd5 $16 Rab8 20. Qxd7 (20. Qxa6 $2 Ra8 $19) 20... Qxd7 21. Rxd7 N6xe5 22. Rd4) 19... N6xe5 $11 20. Bb3 a5 {Strongly threatening ...a4.} 21. Ba4 Rac8 22. Nd4 Rc5 23. Qb3 {Threatens to win with f3.} Qf6 24. f3 (24. Kb1 $1 $11) 24... Nh6 ({Black should play} 24... Qh6+ $15 25. Kb1 Ne3 {[%mdl 64] Double Attack}) 25. Kb1 (25. c3 $14) 25... Nc4 26. Rd3 (26. Nb5 $11) 26... Nd2+ $17 27. Rxd2 Bxd2 28. Qd3 Bf4 29. Bf2 Rb8 30. Rd1 Be5 (30... Qb6 31. Nb3 $14) 31. c3 Qb6 $2 {[%mdl 8192]} (31... Rc7 $17 {stays on course.} 32. g3 g6) 32. Nb3 $1 $16 {[%mdl 64] Pin} d6 {Threatening ...Rxc3!} 33. Bxc5 (33. Rd2 $16) 33... dxc5 $14 34. Qc4 ({White should try} 34. Qe2 $14 Bf6 35. Qe4) 34... Qg6+ $11 35. Ka2 Qxg2 36. Qxc5 Bf6 37. Qxh5 $2 (37. Nd2 $11 {and White stays safe.}) 37... Qc2 $2 (37... Bxc3 $1 $19 {[%csl Gc3][%cal Rg2b2]} 38. Rb1 Qc2) 38. Rc1 (38. Rd2 $16 Qf5 39. Qxf5 Nxf5 40. h5 (40. Nxa5 Nxh4 41. Bc6 Ng6 $16)) 38... Qf5 (38... Qd3 $11) 39. Qxf5 $16 Nxf5 40. Nc5 Nd6 $2 (40... Bxh4 $14 41. Rd1 Rc8) 41. Nd7 $18 Rb7 42. Nxf6+ gxf6 {[%mdl 4096] Endgame KRB-KRN} 43. Rg1+ Kf8 44. Bc2 {And now h5 would win.} Ke7 (44... Rb5 $16 45. Rg4 Rh5) 45. Be4 f5 $2 (45... Rb5 $18 46. Bc2 Rh5) 46. Bxb7 Kf6 {[#]} 47. Re1 $1 Nc4 48. Rd1 Nxb2 49. Rd3 $2 Ke5 $2 {[%mdl 8192]} 50. Rd4 Nd3 51. f4+ Kf6 {[%mdl 32768] White used his chance.  Weighted Error Value: White=0.53/Black=0.89. Sensor Board Error (Ke4/e5)?} 0-1

[Event "Magnus Carlsen vs Challengers"]
[Site "Chess24"]
[Date "2021.04.18"]
[Round "1.3"]
[White "Carlsen, Magnus"]
[Black "Abdumalik, Zhansaya"]
[Result "1-0"]
[WhiteElo "2847"]
[BlackElo "2472"]
[Annotator "TA"]
[PlyCount "91"]
[EventDate "2021.04.19"]
[EventCountry "NET"]
[SourceTitle "playchess.com"]
[Source "ChessBase"]
[SourceQuality "1"]

{[%evp 15,91,25,30,22,31,18,11,9,11,0,0,0,0,0,31,20,23,21,41,1,109,110,114,104,88,74,68,84,67,17,64,66,64,65,58,58,55,21,25,0,168,164,174,172,177,175,164,159,160,110,261,247,395,340,920,899,881,881,868,851,856,858,835,775,29973,1279,29974,29975,29941,10855,29979,29980,29980,29981,29979,29979,29978,29979]} 1. e4 e5 2. Nf3 Nc6 3. Bb5 a6 4. Ba4 Nf6 5. d3 b5 6. Bb3 Be7 7. a4 Bb7 8. O-O d6 9. Bd2 {C84: Closed Ruy Lopez: Unusual White 6th moves.} O-O 10. Nc3 Na5 11. Ba2 {The position is equal.} b4 12. Ne2 c5 13. Ng3 Bc8 14. c3 {[#]} Nc6 $146 ({Predecessor:} 14... bxc3 15. bxc3 Qc7 16. d4 c4 17. Rb1 Bd7 18. Qc2 Rfc8 19. h3 g6 20. Bh6 Be8 {½-½ (87) Danailov,S (2462)-Onischuk,A (2637) Wijk aan Zee 2000}) 15. cxb4 Nxb4 16. Bxb4 cxb4 17. Rc1 Be6 (17... g6 $11 {remains equal.}) 18. Bxe6 $16 fxe6 19. Qb3 {aiming for Ng5.} Qd7 20. d4 exd4 21. Nxd4 d5 22. Nc6 a5 23. e5 $36 {[%mdl 2048] White has the initiative.} Ng4 24. h3 Nh6 25. Ne2 Nf5 26. Nxe7+ Qxe7 27. Rc6 Nh4 $2 {[#]} (27... Rac8 $11 {and Black stays safe.} 28. Rxc8 Rxc8) 28. Nd4 $1 $18 {[%cal Rd4e6]} Qg5 {[%csl Gh4][%cal Rg5g2]} 29. Qg3 Qxg3 30. fxg3 Rxf1+ 31. Kxf1 Nf5 32. Nxf5 exf5 $16 {[%mdl 4096] Endgame [#] KR-KR. This move loses the game for Black.} (32... Rf8 $16) 33. Ke2 $1 $18 Re8 (33... Kf7 {was necessary.} 34. Kd3 d4 35. Rc7+ (35. Kxd4 Rd8+ 36. Rd6 Rc8 $16) 35... Ke6 36. Rxg7 Kxe5 37. Rxh7 Rg8) 34. e6 g6 $2 (34... Kf8 35. Ke3 Ke7) 35. Kd3 Kg7 36. Kd4 Kf6 37. Kxd5 Rd8+ 38. Rd6 Rc8 39. Rd7 {Threatens to win with Rf7+.} Rc1 40. Rf7+ Kg5 41. e7 Re1 42. Kd6 Rd1+ 43. Kc7 {White mates.} Rc1+ 44. Kd7 Rd1+ 45. Ke8 h5 46. Kf8 {Weighted Error Value: White=0.07/Black=0.84} 1-0

[Event "Magnus Carlsen vs Challengers"]
[Site "Chess24"]
[Date "2021.04.18"]
[Round "1.4"]
[White "Carlsen, Magnus"]
[Black "Mendonca, Leon Luke"]
[Result "1-0"]
[WhiteElo "2847"]
[BlackElo "2549"]
[Annotator "TA"]
[PlyCount "123"]
[EventDate "2021.04.19"]
[EventCountry "NET"]
[SourceTitle "playchess.com"]
[Source "ChessBase"]
[SourceQuality "1"]

{[%evp 9,123,21,21,22,44,29,59,53,66,-2,56,16,25,26,21,0,33,4,4,0,0,-19,18,10,69,25,33,18,110,29,53,0,0,0,0,-14,40,34,125,126,167,149,196,133,164,164,150,157,166,172,162,79,158,139,155,95,265,172,214,189,210,186,187,187,216,193,202,203,203,210,216,216,216,192,202,202,202,202,219,179,179,179,179,147,29977,29978,29978,29979,29981,29982,29982,29981,29981,29982,29983,29984,29992,29987,29987,29988,29988,29989,29989,29989,29989,29990,29991,29992,29992,29993,29994,29995,29995,29996,29996,29995]} 1. d4 Nf6 2. c4 c6 3. Bf4 Qb6 4. Qd2 Ne4 5. Qc2 d5 ({Reject} 5... Qxd4 $6 6. e3 $16) 6. f3 {A50: Queen's Fianchetto Defence (1 d4 Nf6 2 c4 b6).} Qa5+ 7. Nd2 Nxd2 8. Bxd2 {White is slightly better.} Qd8 {[#]} 9. O-O-O $146 (9. e3 $14) ({Predecessor:} 9. e3 g6 10. Bd3 Bg7 11. Ne2 dxc4 12. Bxc4 Nd7 13. Bb3 a5 14. a3 e5 15. O-O {0-1 (55) Chiburdanidze,M (2502)-Stefanova,A (2490) Elista 2004}) 9... Nd7 (9... dxc4 $11 10. Qxc4 e5) 10. cxd5 cxd5 11. e4 Nb6 12. Bd3 Be6 13. Ne2 Rc8 14. Nc3 g6 15. e5 Bg7 16. Kb1 h5 (16... O-O $11) 17. f4 Bg4 18. Rc1 e6 (18... Nc4 $11) 19. Bb5+ (19. b3 $16) 19... Kf8 $11 20. Qb3 (20. Bd3 $14) 20... Bf5+ 21. Ka1 Kg8 22. Ne2 Kh7 (22... a6 $11 23. Bd3 Bxd3 24. Qxd3 Nc4) 23. Ng3 $14 Qe7 (23... Be4 $14) 24. Nxf5 $16 gxf5 25. Qf3 Qh4 26. g3 ({White should play} 26. Rxc8 $18 Rxc8 27. h3) 26... Qg4 27. Qf2 Rxc1+ 28. Rxc1 Rc8 29. Rxc8 Nxc8 {[#]} 30. Be2 (30. Qf1 $1 $18) 30... Qg6 (30... Qh3 $142) 31. Bb4 $36 {[%mdl 2048] Black is under strong pressure.} Nb6 32. Qf3 (32. h4 $142) 32... Kh6 $2 (32... h4 $16) 33. Be7 Kh7 34. Qxh5+ Kg8 35. Qxg6 fxg6 $18 {[%mdl 4096] Endgame KBB-KBN} 36. b3 Kf7 37. Bb4 Bf8 38. Bxf8 Kxf8 {KB-KN} 39. Kb2 Nd7 40. Kc3 Nb8 41. Kb4 Ke7 42. Bb5 a6 43. Be2 b6 44. h4 Nc6+ 45. Kc3 a5 46. Bb5 Nb4 {[%mdl 8192] [#] Loses the game.} (46... Na7 $16 47. Bf1 Nc6) 47. a3 {White mates.} Na2+ 48. Kb2 Kf8 49. Kxa2 {KB-KP} Kf7 50. Be2 Kg7 51. b4 Kf7 52. bxa5 Kf8 53. Kb3 bxa5 54. Ka4 Kf7 55. Kxa5 Ke7 56. Kb6 Ke8 57. a4 Kd8 58. a5 Kd7 59. a6 Ke7 60. a7 Kf7 61. a8=Q Kg7 62. Qb7+ {Weighted Error Value: White=0.21/Black=0.34} 1-0

[Event "Magnus Carlsen vs Challengers"]
[Site "Chess24"]
[Date "2021.04.18"]
[Round "1.5"]
[White "Gukesh D"]
[Black "Carlsen, Magnus"]
[Result "0-1"]
[WhiteElo "2578"]
[BlackElo "2847"]
[Annotator "TA"]
[PlyCount "64"]
[EventDate "2021.04.19"]
[EventCountry "NET"]
[SourceTitle "playchess.com"]
[Source "ChessBase"]
[SourceQuality "1"]

{[%evp 16,64,44,44,47,57,37,0,6,0,7,0,9,0,0,0,6,0,0,0,0,0,0,0,0,-4,0,-81,-78,-107,-107,-118,-120,-111,-118,-116,-118,-116,-106,-167,-175,-253,-246,-337,-330,-378,-273,-923,-904,-3264,-1047]} 1. d4 Nf6 2. c4 c5 3. d5 b5 4. cxb5 a6 5. bxa6 g6 6. Nf3 Bg7 7. Nc3 O-O 8. g3 {is the new trend.} d6 9. Bg2 Bf5 {A58: Benko/Volga Gambit: Lines with 5 bxa6.} 10. Nd2 Nxa6 11. e4 Bg4 {The position is equal.} 12. f3 Bc8 {[#]} 13. a3 $146 ({Predecessor:} 13. Nc4 Nd7 14. O-O Nb4 15. Re1 Ba6 16. Bf1 Bxc4 17. Bxc4 Ne5 18. Be2 c4 19. Rf1 {½-½ (37) Schultz,A (2179)-Ivanov,M (2442) Leipzig 2003}) 13... Nb4 {Strongly threatening ...Nd3+.} 14. Nb3 Na6 15. O-O Nd7 16. Be3 Qb6 {Hoping for ...Rb8.} 17. Rb1 Nc7 18. Nd2 Ba6 19. Rf2 $1 Rfb8 20. Bf1 Bxf1 21. Kxf1 (21. Qxf1 $11 {keeps the balance.} Bxc3 22. bxc3) 21... Qa6+ $17 22. Qe2 Bxc3 23. bxc3 Qxa3 24. Rxb8+ Rxb8 25. c4 Ne5 {Threatens to win with ...Nd3.} 26. Kg2 Rb2 27. f4 {[#]} (27. Bf4 $17) 27... Nd3 $1 $19 {[%cal Rd3f2]} 28. Rf3 (28. Rf1 $142) 28... Qc3 29. Kh3 {[#]} Qxc4 $3 {[%mdl 512]} 30. Qf1 (30. Nxc4 Rxe2) 30... Qc2 {...f5 is the strong threat.} 31. e5 $2 (31. f5 Ne5 32. Rf2) 31... Nxd5 32. f5 Nxe5 {Weighted Error Value: White=0.78/Black=0.06} (32... Nxe3 $142 33. Qe2 Nxe5 34. Rxe3 Qxf5+ 35. Kg2 Qe6) 0-1

[Event "Magnus Carlsen vs Challengers"]
[Site "Chess24"]
[Date "2021.04.18"]
[Round "1.6"]
[White "Lei, Tingjie"]
[Black "Carlsen, Magnus"]
[Result "0-1"]
[WhiteElo "2505"]
[BlackElo "2847"]
[Annotator "TA"]
[PlyCount "74"]
[EventDate "2021.04.19"]
[EventCountry "NET"]
[SourceTitle "playchess.com"]
[Source "ChessBase"]
[SourceQuality "1"]

{[%evp 11,73,17,30,31,27,22,38,37,21,35,47,49,44,-2,33,20,24,23,39,11,38,7,19,15,6,0,30,30,33,33,33,32,34,12,18,7,14,-16,165,165,170,45,42,47,217,125,238,241,266,239,241,236,237,236,232,228,233,-29995,170,-29995,-29996,-29996,-29997,-29999]} 1. d4 {Besenthal,K} Nf6 2. c4 c5 3. Nf3 cxd4 4. Nxd4 e6 5. g3 Bb4+ 6. Bd2 Bc5 7. Nb3 {A32: Symmetrical English: 2 Nf3 Nf6 3 d4 cxd4 4 Nxd4 e6.} Be7 8. Bg2 Nc6 9. Nc3 {White is slightly better.} b6 10. O-O Bb7 11. Bf4 O-O 12. Nb5 Ne8 13. Rc1 d6 14. Qd2 a6 {[#]} 15. N5d4 $5 $146 {[%mdl 8] New and interesting.} ({Predecessor:} 15. Nc3 Qb8 16. Rfd1 Nd8 17. Ne4 e5 18. Bg5 f6 19. Be3 f5 20. Nc3 Bxg2 21. Kxg2 Ne6 22. Nd5 {1-0 (54) Aronian,L (2792)-Carlsen,M (2855) Paris 2016 CBM 173 [Besenthal,K]}) 15... Rc8 16. Nxc6 Bxc6 17. Rfd1 Bxg2 18. Kxg2 Qc7 (18... e5 $5 {[%cal Re5f4]} 19. Be3 Qc7 $11) 19. e4 Qb7 20. f3 h6 21. Be3 Nf6 22. Qf2 b5 23. c5 d5 24. c6 Qa8 (24... Rxc6 $11 {and Black is okay.} 25. e5 Rxc1 26. Rxc1 Nd7) 25. e5 $18 d4 26. Bxd4 (26. Nxd4 $6 Nd5 $14) (26. exf6 $18 dxe3 27. Qxe3 Bxf6 28. Qb6) 26... Nd5 $14 27. Na5 $36 {[%mdl 2048] White has the initiative.} Rc7 $2 (27... Bb4 $14 28. Nb7 Ne7) 28. Bc5 (28. Bb6 $18 {Black must now prevent Rxd5.} Bd8 29. Bxc7 Bxc7 30. Nb7) 28... Rfc8 (28... Bxc5 $16 29. Qxc5 (29. Rxc5 Qd8 $16) 29... Qa7 30. Qxa7 Rxa7) 29. Bd6 $18 Bg5 30. f4 Rxc6 31. Nxc6 Rxc6 32. Rxc6 ({Weaker is} 32. fxg5 Rxc1 33. Rxc1 Nf4+ 34. Kf1 Qh1+ 35. Qg1 Qf3+ 36. Qf2 Qh1+ 37. Qg1 Qf3+ 38. Qf2 Qh1+ $11) 32... Qxc6 33. Kh3 ({Avoid the trap} 33. fxg5 $2 Nf4+ 34. Kf1 Qh1+ 35. Qg1 Qf3+ 36. Qf2 Qxd1+ 37. Qe1 Qf3+ 38. Qf2 Qd3+ 39. Ke1 Qb1+ 40. Kd2 Qxb2+ 41. Ke3 Nd5+ 42. Kf3 Qc3+ 43. Ke2 hxg5 $19) 33... Bd8 {intending ...f5.} 34. Qc5 $4 {[%mdl 8192] [#]} (34. f5 $18) 34... Qa8 $4 {[%mdl 8192]} (34... Nxf4+ $1 {[%mdl 512] mates} 35. Kg4 Qe4 36. Be7 Qe2+ {[%mdl 64] Double Attack} 37. Kxf4 g5+ {[%mdl 64] X-Ray Attack} 38. Bxg5 hxg5#) 35. Rc1 $4 {[%mdl 8192] [#]} (35. Rd3 $18) 35... Nxf4+ $1 {[%mdl 512] Black mates.} 36. Kg4 {[#]} Qe4 $1 {[%csl Gf4][%cal Rh6h5]} 37. Qc6 (37. Be7 Qe2+) 37... h5# {Never resign too early!  Weighted Error Value: White=0.62/Black=0.48} 0-1

[Event "Magnus Carlsen vs Challengers"]
[Site "Chess24"]
[Date "2021.04.18"]
[Round "1.7"]
[White "Carlsen, Magnus"]
[Black "Nihal Sarin"]
[Result "0-1"]
[WhiteElo "2847"]
[BlackElo "2620"]
[Annotator "TA"]
[PlyCount "104"]
[EventDate "2021.04.19"]
[EventCountry "NET"]
[SourceTitle "playchess.com"]
[Source "ChessBase"]
[SourceQuality "1"]

{[%evp 16,104,11,-4,31,-14,-18,-27,-21,-78,-92,-88,-81,-84,-71,-78,-76,-72,-71,-87,-94,-105,-97,-558,-575,-570,-567,-526,-161,-145,0,-366,0,-138,-131,-706,-710,-29992,-899,-876,-872,-845,-816,-810,-798,-936,-925,-890,-873,-1240,-1152,-1422,-1466,-1058,-1031,-1647,-1216,-29963,-29963,-29956,-29959,-8474,-11286,-5720,-5515,-4794,-2145,-29977,-29978,-29980,-29981,-29980,-29972,-29984,-29985,-29986,-29984,-29984,-29984,-29984,-29985,-29988,-29989,-29989,-29986,-29986,-29986,-29986,-29983,-29993,-29994]} 1. e4 e5 2. Nf3 Nc6 3. Bb5 a6 4. Ba4 Nf6 5. d3 d6 6. c4 g6 7. h3 Bg7 8. Nc3 O-O 9. O-O Nd7 {C77: Ruy Lopez: 3...a6 4 Ba4 Nf6, unusual lines.} 10. Be3 (10. Bg5 $5 {[%cal Rg5d8]} f6 11. Be3 $11) 10... Nd4 11. Bxd4 exd4 {Black has an edge.} 12. Bxd7 (12. Ne2 $11 {remains equal.}) 12... dxc3 $17 13. Bxc8 cxb2 ({But not} 13... Rxc8 $6 14. bxc3 Bxc3 15. Rb1 $11) 14. Rb1 {[#]} Rxc8 $146 ({Predecessor:} 14... Qxc8 15. d4 c5 16. Rxb2 cxd4 17. Qd3 b5 18. cxb5 Qc3 19. Qb1 axb5 20. Rxb5 Qa3 {1-0 (41) Peczely,S (2243)-Miturova,M (2057) Prague 2014}) 15. d4 c5 16. Rxb2 cxd4 17. Rxb7 Rxc4 18. Qb3 Rc3 19. Qa4 {[%mdl 8192] [#]} (19. Qd5 $17 {is tougher.}) 19... Rxf3 $1 $19 {[%mdl 576] Remove Defender} 20. gxf3 Qg5+ 21. Kh1 Qf4 $2 (21... Be5 $1 22. Rg1 Qf4) 22. Kg2 Qg5+ $2 (22... Be5 $1 $17 {[%csl Ge5][%cal Rf4h2]} 23. Rh1 Qg5+ 24. Kf1 Qc1+ 25. Kg2 Qg5+ 26. Kf1 Rc8) 23. Kh1 Qf4 $2 (23... Be5 $1 $19 24. Rg1 Qf4) 24. Kg2 $1 $17 {[#]} Be5 $1 $40 {[%csl Ge5][%cal Rf4h2][%mdl 1152] Black has strong compensation. Black attacks with force. White is on the road to losing.} 25. Rd1 $2 {[%mdl 8192] [#]} (25. Rh1 $17) 25... Rc8 $1 $19 26. Qd7 Rc2 (26... Qh2+ $142 27. Kf1 Qh1+ {[%mdl 64] Double Attack} 28. Ke2 Rc2+ {[%mdl 64] Double Attack} 29. Rd2 d3+ {[%mdl 64] Decoy} 30. Kxd3 Rc3+ 31. Ke2 Qxf3+ {[%mdl 64] Double Attack} 32. Kf1 Rc1+ 33. Rd1 Rxd1#) 27. Qe8+ Kg7 {( -> ...Qh2+)} 28. Qxf7+ Qxf7 29. Rxf7+ Kxf7 {[%mdl 4096] Endgame KRB-KR} 30. f4 Bxf4 31. Rxd4 Rxa2 32. Rc4 Be3 33. Kf3 Bc5 34. e5 Rxf2+ 35. Kg3 Ke6 36. exd6 Rf5 37. Ra4 Bxd6+ 38. Kg2 a5 {[%cal Ba6a5,Ba5a4,Ba4a3][%mdl 32]} 39. Re4+ Re5 40. Rh4 Bb4 41. Rxh7 a4 {Black mates.} 42. Rb7 Bd6 43. Ra7 a3 44. Kf3 {[#]} Re3+ $3 {[%mdl 512]} 45. Kg4 (45. Kg2 Rg3+) 45... Rg3+ 46. Kh4 Rb3 47. Kg5 Rxh3 48. Kxg6 Rg3+ 49. Kh5 Kd5 50. Kh4 Rc3 51. Kg4 Bc5 52. Kf5 Bxa7 {Weighted Error Value: White=1.10/Black=0.53} 0-1

[Event "Magnus Carlsen vs Challengers"]
[Site "Chess24"]
[Date "2021.04.18"]
[Round "1.8"]
[White "Carlsen, Magnus"]
[Black "Vaishali R"]
[Result "1-0"]
[WhiteElo "2847"]
[BlackElo "2393"]
[Annotator "TA"]
[PlyCount "59"]
[EventDate "2021.04.19"]
[EventCountry "NET"]
[SourceTitle "playchess.com"]
[Source "ChessBase"]
[SourceQuality "1"]

{[%evp 13,59,-23,-27,-14,-20,-31,-26,-28,-8,-2,65,64,65,65,178,152,161,152,245,245,242,233,245,209,245,245,329,318,388,362,407,396,388,396,429,439,537,515,616,643,627,495,2120,2101,2114,1804,29990,29991]} 1. d4 Nf6 2. c4 e6 3. Nc3 Bb4 4. a3 Bxc3+ 5. bxc3 c5 6. f3 Nc6 {is recently more successful than 6...d5.} 7. e4 d6 8. Ne2 {E24: Nimzo-Indian: Sämisch: Unusual Black 5th moves and 5...c5 sidelines.} O-O 9. Bg5 {[#]} h6 $146 ({Predecessor:} 9... b6 10. Nc1 Ba6 11. Nb3 Ne7 12. Bd3 Ng6 13. O-O h6 14. Be3 e5 15. g3 Qd7 {0-1 (60) Haczek,K (1795)-Riehl,J (2005) Bayern 2001}) 10. Bh4 {Black has an edge.} e5 11. d5 Ne7 ({Black should play} 11... Na5 $11) 12. Bxf6 $14 gxf6 13. g4 b5 (13... Ng6 $14) 14. Qd2 Kg7 15. Ng3 Ng6 (15... bxc4 $16 {was necessary.} 16. Bxc4 Ng6) 16. Nh5+ $18 ({Don't take} 16. cxb5 $6 Nf4) 16... Kh7 17. cxb5 a6 18. a4 axb5 19. Bxb5 f5 20. exf5 Nf4 21. Nxf4 exf4 22. Qxf4 Qf6 23. Kf2 Ba6 24. c4 {[%cal Bc3c4,Bc4b5][%mdl 32]} Bxb5 25. cxb5 Qb2+ 26. Kg3 h5 27. Rhe1 Rae8 (27... hxg4 $142 28. fxg4 Rfe8 29. Rxe8 Rxe8) 28. f6 {[#] Threatening mate with Qf5+.} h4+ 29. Kxh4 {Qf5+ would kill now.} Rh8 30. Rxe8 {Black did not feel at home in the position after the opening.  Weighted Error Value: White=0.13/Black=0.60} 1-0

[Event "Magnus Carlsen vs Challengers"]
[Site "Chess24"]
[Date "2021.04.18"]
[Round "1.9"]
[White "Khademalsharieh, Sarasadat"]
[Black "Carlsen, Magnus"]
[Result "0-1"]
[WhiteElo "2494"]
[BlackElo "2847"]
[Annotator "TA"]
[PlyCount "64"]
[EventDate "2021.04.19"]
[EventCountry "NET"]
[SourceTitle "playchess.com"]
[Source "ChessBase"]
[SourceQuality "1"]

{[%evp 11,64,19,21,22,25,13,20,0,2,0,0,0,0,0,8,0,0,0,0,0,0,0,1,-16,-15,-45,-46,-35,-9,-62,0,0,0,-10,37,37,45,39,36,-128,-120,-165,-152,-165,0,0,0,0,0,0,0,0,0,-604,-533]} 1. d4 Nf6 2. Nf3 c5 3. d5 b5 4. Bg5 Qb6 5. Bxf6 Qxf6 6. c3 g6 7. e4 {A43: Schmid Benoni.} Qb6 8. Nbd2 Bg7 9. Be2 {The position is equal.} O-O 10. O-O d6 11. a4 b4 12. Nc4 Qd8 13. cxb4 cxb4 14. Nd4 {[#]} Ba6 $5 $146 {[%mdl 8] New and interesting.} ({Predecessor:} 14... Bd7 15. Rc1 Na6 16. Nxd6 exd6 17. Bxa6 Qb6 18. Bb5 Bxd4 19. Bxd7 Bxb2 20. Rc6 Qb7 {½-½ (75) Kryakvin,D (2529)-Ponkratov,P (2604) Minsk 2015}) 15. Rc1 Bxd4 16. Qxd4 Nd7 17. Qd2 Nc5 18. Qxb4 Rb8 19. Qc3 Nxe4 20. Qe3 (20. Qe1 $11) 20... Nf6 ({Black should try} 20... Nc5 $15) 21. Qxa7 $11 Bxc4 22. Bxc4 Rxb2 (22... Ra8 $5 {[%cal Ra8a7]} 23. Qb7 Rb8 $11) 23. a5 Qd7 24. Qd4 Rb4 25. a6 $2 (25. Qd2 $1 $14 {stays ahead.} Rfb8 26. a6) 25... Rc8 $17 26. Rc3 {[#]} Qa4 {[%cal Rc8c4]} 27. Rfc1 {[#]} Rc5 $2 (27... Nd7 $1 $19 {aiming for ...Rc5.} 28. h3 Nb6) 28. Qd3 $11 Nxd5 29. Bxd5 Rd4 $36 {[%mdl 2048] Black has the initiative.} 30. Qxd4 Qxd4 31. Rxc5 dxc5 32. a7 $2 {[%mdl 8192]} Qxd5 {Weighted Error Value: White=0.51/Black=0.14} 0-1